Geographie von Böhmen : nach den besten Hilfsquellen und der neuen Kreiseintheilung gemäss bearb. für Schule und Haus /

Hlavní autor: Müller, Johann, činný 19. století
Jazyk: Němčina
Vydáno: Prag : Medau, 1851
Témata:
Externí odkaz: Digitalizovaný dokument
Fyzický popis: 332 s.
Knihy
Uloženo v:
LEADER 00957nam a2200241 a 4500
001 000684873
003 CZ BrMZK
005 20091016103215.0
007 ta
008 030901s1851 xr f ger d
015 |a cnb001259115 
035 |a (OCoLC)85618347 
040 |a BOA001  |b cze  |c BOA001 
100 1 |a Müller, Johann,  |d činný 19. století  |7 jx20071010018  |4 aut 
245 1 0 |a Geographie von Böhmen :  |b nach den besten Hilfsquellen und der neuen Kreiseintheilung gemäss bearb. für Schule und Haus /  |c Johann Müller 
260 |a Prag :  |b Medau,  |c 1851 
300 |a 332 s. 
500 |a Dostupné též v digitální podobě v aplikaci Kramerius 
856 4 1 |u http://www.digitalniknihovna.cz/mzk/uuid/uuid:357f59b0-704d-11e6-a429-001018b5eb5c  |y Digitalizovaný dokument  |x NDK 
910 |a BOA001  |b 2-0083.231 
964 |a Bohemika - stol. 19. 
990 |a BK 
996 6 |b BC-123114  |c 2-0083.231  |l MZK  |r Sklad / do 24 hodin  |n 0  |w 000684873  |u 000010  |a 1  |e BOA001  |j MZK50  |s P